| 000 | 00559nam a22001817a 4500 | ||
|---|---|---|---|
| 005 | 20161207113735.0 | ||
| 010 | _aENG-116768 | ||
| 020 |
_a9789351658443 _c125.00 |
||
| 035 | _aEN-100300 | ||
| 037 | _bDBAD/PUB | ||
| 082 | _a658.84 | ||
| 100 | _a Sinha,Surya | ||
| 245 |
_aNetwork marketing : _cby Surya Sinha _byourquestions and Surya Sinha's answers / |
||
| 260 |
_aNew Delhi _bDiamond Books _c2015 |
||
| 270 |
_aX-30,Okhla Industrial Area, Phase-II _bNew Delhi _e110020 |
||
| 300 |
_a119p. _c24cm(pbk) |
||
| 942 |
_2ddc _cEN _h658.84 _mSIN |
||
| 999 |
_c105017 _d105017 |
||